| 000 | 006860000a22001210004500 | ||
|---|---|---|---|
| 100 | 1 | _aPinzón Gómez, Daniel | |
| 245 | 1 | 0 | _aEstilo de Vida Saludable (EVS): la necesidad de una mirada alternativa al enfoque Biomédico |
| 300 | _aVol.5, núm.9 (septiembre, 2012), Pág. 50-56 | ||
| 520 | _aLa comunidad médica adventista continuamente encuentra evidencia que respalda la filosofía de la salud, especialmente la que tiene que ver con los Estilos de Vida Saludables (EVS), dado que está asociado a una larga longevidad y menor riesgo de padecer enfermedades crónicas y degenerativas. | ||
| 650 | 1 | 4 | _aSALUD |
| 773 | 0 | _tUnaciencia : revista de estudios de investigacione | |
| 942 | _cANA | ||
| 999 |
_c63547 _d63547 |
||